| 000 | 01027nam a2200229Ia 4500 | ||
|---|---|---|---|
| 003 | OSt | ||
| 005 | 20210721153620.0 | ||
| 008 | 210310s1981 ck gr 000 0 spa d | ||
| 040 |
_aCO-JMCR _cCO-JMCR |
||
| 041 | 0 | _aspa | |
| 082 | 0 | 4 |
_a336.861 / _bS612e _223 |
| 111 | 2 |
_aSimposio sobre mercado de capitales _cCali) _d(1981 : _938619 |
|
| 245 | 1 | 0 |
_aEl estado y la actividad económica / _cIX Simposio sobre mercado de capitales 13 y 14 de agosto de 1981 ; editor, Mauricio Cabrera Galvis |
| 260 |
_aCali, Colombia : _bAsociación Bancaria de Colombia, _c1981. |
||
| 300 |
_axxxii, 265 páginas ; _c24 cm. |
||
| 501 | _aCon: notas a pie de página. | ||
| 505 | 0 | _aPlanteamientos generales. -- El estado y el sector exterior. -- Finanzas públicas. -- Participación directiva del estado en la economía. | |
| 650 | 1 | 4 |
_aHacienda pública _vCongresos, conferencias, _zColombia _926955 |
| 650 | 2 | 4 |
_aFinanza _vCongresos, conferencias, _zColombia _938620 |
| 700 | 1 |
_aCabrera Galvis, Mauricio, _eeditor _92569 |
|
| 942 |
_2ddc _cBK |
||
| 999 |
_c11977 _d11977 |
||